|
|
|
|
| LEADER |
00000nab a2200000 ar4500 |
| 001 |
vtls008413183 |
| 003 |
SK-MaSNL |
| 005 |
20260304144520.0 |
| 008 |
250505c1972 xo |r|p|||||||100 b|slo |
| 015 |
|
|
|a SNBRB2005/11
|2 snkbucl
|
| 035 |
|
|
|a urn:nbn:sk:snk-ab81uz
|
| 035 |
|
|
|a (urnnbn)urn:nbn:sk:snk:ar-0062xb
|
| 035 |
|
|
|a (uuid)37d23e77-c30a-4a74-8e7d-d67a72827cef
|
| 038 |
|
|
|a SNKBUCL
|
| 040 |
|
|
|a SNKBUCL
|b slo
|c SNKBUCL
|e AACR2
|
| 041 |
0 |
|
|a slo
|
| 044 |
|
|
|a xo
|c SK
|
| 080 |
|
|
|a 929:82-051
|2 1981
|
| 080 |
|
|
|a 82-051
|2 1981
|
| 100 |
1 |
|
|a Kostenicz, Ksenia
|4 aut
|9 1466145
|
| 245 |
1 |
0 |
|a Kalendáriá života a tvorby spisovateľov
|c Xénia Kosteniczová ; preložila Ľuba Bartalská
|
| 300 |
|
|
|a Tab.
|
| 504 |
|
|
|a Bibliogr. odkazy
|
| 650 |
0 |
7 |
|a spisovatelia
|2 snkbucl
|9 4982
|
| 650 |
0 |
7 |
|a kalendária
|2 snkbucl
|9 886168
|
| 651 |
|
7 |
|a Sovietsky zväz
|2 snkbucl
|9 22126
|
| 700 |
1 |
|
|a Bartalská, Ľubica,
|d 1943-2014
|4 trl
|9 106026
|
| 773 |
0 |
|
|t Biografické štúdie 3
|d Martin : Matica slovenská, 1972
|g S. 87-96
|
| 850 |
|
|
|a Slovenská národná knižnica
|
| 852 |
|
|
|a Slovenská národná knižnica
|
| 856 |
4 |
1 |
|u http://www.snk.sk/images/Edicna_cinnost/Zborniky/Biograficke_studie/3/Bio_stu_3_87_96.pdf
|
| 954 |
|
|
|a odborná, vedecká literatúra cudzojazyčná (svetová)
|2 lita
|
| 958 |
|
|
|a article9
|
| 958 |
|
|
|a OND
|
| 958 |
|
|
|a LX
|
| 958 |
|
|
|a NB
|
| 958 |
|
|
|a RU
|
| 958 |
|
|
|a EUIPO
|
| 999 |
|
|
|c 2931813
|d 2933743
|